LEADER 01416nam0-2200397li-450 001 990000245610203316 005 20180312154702.0 010 $a0-8018-4911-X 035 $a0024561 035 $aUSA010024561 035 $a(ALEPH)000024561USA01 035 $a0024561 100 $a2001998051995-------y0itay0103----ba 101 0 $aeng 102 $aUS 200 1 $aChaos and determinism$eturbolence as a paradigm for complex systems converging toward final states$fby Alexandre Favre ... [et. al. ]$gtraslated by Bertram Eugene Schwarzbach 210 $aBaltimore$cThe Johns Hopkins University Press$dcopyr. 1995 215 $aXXI, 176 p.$dill.$d23 cm 312 $aTrad. di: de la causalite' a' la finalite. a propos de la turbulence 610 1 $ameccanica quantistica 610 1 $ameccanica statistica 676 $a53012$9Meccanica quantistica (Teoria dei quanti) 702 1$aFavre,$bAlexandre 702 1$aSchwarzbach,$bBertram Eugene 801 $aSistema bibliotecario di Ateneo dell' Università di Salerno$gRICA 912 $a990000245610203316 951 $a530.12 CHA$b21459/cbs$c530.12$d00219279 959 $aBK 969 $aSCI 979 $c19980501 979 $c20001110$lUSA01$h1715 979 $c20020403$lUSA01$h1632 979 $aPATRY$b90$c20040406$lUSA01$h1618 979 $aRSIAV7$b90$c20090714$lUSA01$h1102 996 $aChaos and determinism$91491148 997 $aUNISA LEADER 01050nam0-22003251i-450 001 990002047320403321 005 20250923160541.0 035 $a000204732 035 $aFED01000204732 035 $a(Aleph)000204732FED01 100 $a20030910d1836----km-y0itay50------ba 101 0 $aita 102 $aIT 105 $af 001yy 200 1 $aFauna del Regno di Napoli$eossia enumerazione di tutti gli animali che abitano le diverse regioni di questo regno e le acque che la bagnano$eOrtotteri$fOronzio Gabriele Costa 210 $aNapoli$cDai Torchi Azzolino e Compagno$d1836 215 $apaginazione varia, 7 tv. col.$d26 cm 610 0 $aVolumi di pregio 610 0 $aOrtotteri 676 $a595.72 700 1$aCosta,$bOronzio Gabriele$f<1787-1868>$078345 801 0$aIT$bUNINA$gRICA$2UNIMARC 901 $aBK 912 $a990002047320403321 952 $a61 VI A.5/19$b257$fDAGEN 952 $aA MUSA 1047$b03/4301/25$fFAGBC 959 $aDAGEN 959 $aFAGBC 996 $aFauna del Regno di Napoli$9406507 997 $aUNINA